000 01702nam a22002177a 4500
003 DO-CoUTE
005 20260312123956.0
008 260312b dr ||||| |||| 00| 0 spa d
040 _aDO-CoUTE
_bspa
_cDO-CoUTE
082 _aRD 339.7293s232a
100 1 _aSantana García, Félix Antonio
_eAutor
245 1 0 _aAvatares económicos y financieros /
_cFélix Antonio Santana García
260 _aSanto Domingo :
_c2025
300 _a280 Paginas :
_c23cm,
504 _aIncluye referencia bibliográfica e índice.
505 _aPrólogo |Capítulo I. La deuda pública |Capítulo II. El presupuesto estatal |Capítulo III. La política fiscal |Capítulo IV. Los déficits fiscales |Capítulo V. Finanzas del gobierno |Capítulo VI. Apreciación energética |Capítulo VII. Banca y monedas |Capítulo VIII. Dispendio y corrupción |Capítulo IX. Economía y competitividad |Capítulo X. Tema inflacionario |Capítulo XI. Bonos y préstamos |Capítulo XII. Impuestos y efectos.
520 _aAvatares Económicos y Financieros condensa 69 artículos en los cuales se ponderan tópicos de alto interés nacional e internacional relativos a la economía y las finanzas en torno a acontecimientos ocurridos en el período 2014-2020, un período caracterizado por tensiones fiscales acumuladas, reformas estructurales y el inicio de la pandemia del Covid-19. En ella se abordan temas como deuda pública, gasto, inflación, recaudación y aranceles, estructurados en doce capítulos temáticos que permiten al lector comprender la evolución de la economía desde una perspectiva técnica y social.
650 4 _aEconomía
700 1 _aFélix Antonio Santana García
_eAutor
942 _2ddc
_cBK
999 _c24089
_d24089